000 00498nam a2200193Ia 4500
008 151119s9999||||xx |||||||||||||| ||und||
082 _a891.46308
082 _bGKKV5804
100 _aगुंदेकर श्रीराम
245 _aउचल
260 _a--
260 _b--
260 _c0
600 _aगुंदेकर श्रीराम
630 _aउचल
700 _aगुंदेकर श्रीराम
730 _aउचल
942 _cBOOK
999 _c1060774
_d1060771